<?xml version="1.0" encoding="UTF-8"?>
<record
    xmlns:xsi="http://www.w3.org/2001/XMLSchema-instance"
    xsi:schemaLocation="http://www.loc.gov/MARC21/slim http://www.loc.gov/standards/marcxml/schema/MARC21slim.xsd"
    xmlns="http://www.loc.gov/MARC21/slim">

  <leader>00734nam a2200217 a 4500</leader>
  <controlfield tag="001">1152</controlfield>
  <controlfield tag="003">BR-CuiBMT</controlfield>
  <controlfield tag="005">20231129233837.0</controlfield>
  <controlfield tag="008">231125s2013    rsba          000 0 por d</controlfield>
  <datafield tag="020" ind1=" " ind2=" ">
    <subfield code="a">9788576994480</subfield>
  </datafield>
  <datafield tag="040" ind1=" " ind2=" ">
    <subfield code="a">BR-CuiBMT</subfield>
    <subfield code="c">BR-CuiBMT</subfield>
  </datafield>
  <datafield tag="080" ind1=" " ind2=" ">
    <subfield code="2">2007</subfield>
    <subfield code="a">340</subfield>
    <subfield code="x">(079.1)</subfield>
  </datafield>
  <datafield tag="090" ind1=" " ind2=" ">
    <subfield code="a">340(079.1)</subfield>
    <subfield code="b">A282</subfield>
  </datafield>
  <datafield tag="245" ind1="0" ind2="0">
    <subfield code="a">AGU :</subfield>
    <subfield code="b">procurador federal /</subfield>
    <subfield code="c">[autores: Alexandre Arnalde Salim ... et al.] ; colaboradores, Caroline Boff, Fl&#xE1;via Hagen, Nicole Anagnostopoulos. </subfield>
  </datafield>
  <datafield tag="260" ind1=" " ind2=" ">
    <subfield code="a">Porto Alegre :</subfield>
    <subfield code="b">Verbo Jur&#xED;dico,</subfield>
    <subfield code="c">2013.</subfield>
  </datafield>
  <datafield tag="300" ind1=" " ind2=" ">
    <subfield code="a">1335 p. :</subfield>
    <subfield code="b">il. ;</subfield>
    <subfield code="c">25 cm</subfield>
  </datafield>
  <datafield tag="500" ind1=" " ind2=" ">
    <subfield code="a">Edi&#xE7;&#xE3;o atualizada e ampliada.</subfield>
  </datafield>
  <datafield tag="650" ind1=" " ind2=" ">
    <subfield code="a">Direito</subfield>
    <subfield code="v">concursos</subfield>
  </datafield>
  <datafield tag="700" ind1="1" ind2=" ">
    <subfield code="a">Salim, Alexandre Arnalde</subfield>
    <subfield code="e">et al.</subfield>
    <subfield code="e">autores.</subfield>
  </datafield>
  <datafield tag="942" ind1=" " ind2=" ">
    <subfield code="2">udc</subfield>
    <subfield code="c">LV</subfield>
  </datafield>
  <datafield tag="952" ind1=" " ind2=" ">
    <subfield code="0">0</subfield>
    <subfield code="1">0</subfield>
    <subfield code="2">udc</subfield>
    <subfield code="4">0</subfield>
    <subfield code="7">0</subfield>
    <subfield code="a">BIBTCEMT</subfield>
    <subfield code="b">BIBTCEMT</subfield>
    <subfield code="d">2023-11-29</subfield>
    <subfield code="l">0</subfield>
    <subfield code="o">340(079.1) A282</subfield>
    <subfield code="p">BIBTCEMT23111347</subfield>
    <subfield code="r">2023-11-29</subfield>
    <subfield code="t">Ex. 1</subfield>
    <subfield code="w">2023-11-29</subfield>
    <subfield code="y">LV</subfield>
  </datafield>
  <datafield tag="999" ind1=" " ind2=" ">
    <subfield code="c">1152</subfield>
    <subfield code="d">1152</subfield>
  </datafield>
</record>
